| 000 | 01129cam a2200265 a 4500 | ||
|---|---|---|---|
| 001 | 000015180 | ||
| 005 | 20200929163957.0 | ||
| 008 | 980302s1997 mx b 100 0 spa | ||
| 020 | _a9686101705 | ||
| 040 |
_aDO-SdBNP _bspa _cDLC _dBNPHU |
||
| 082 |
_a255.5 _bR332d |
||
| 245 | 0 | 0 |
_aReflexiones a diez años : _bde las características de la educación de la Compañía de Jesús / _ceditores ; Raúl Fuentes Navarro y Lourdes Jaime. |
| 260 |
_aMéxico : _bITESO, _c1997. |
||
| 300 |
_a239 p. ; _c23 cm. |
||
| 490 | 1 |
_aPedagogía ignaciana _v4 |
|
| 500 | _aActas de un seminario convocado por el Instituto Tecnológico de Estudios Superiores de Occidente, en Guadalajara, diciembre 5-8, 1996. | ||
| 504 | _aIncluye referencias bibliográficas. | ||
| 610 | 2 | 4 |
_aJESUITAS _xEDUCACIÓN _zAMÉRICA LATINA _xCONGRESOS _934382 |
| 700 | 1 |
_aFuentes Navarro, Raúl. _eed. _933900 |
|
| 700 | 1 |
_aJaime, Lourdes. _eed. _934383 |
|
| 710 | 2 |
_aInstituto Tecnológico de Estudios Superiores de Occidente (Guadalajara, México) _928550 |
|
| 830 | 0 |
_aPedagogía ignaciana ; _v4 _928552 |
|
| 910 | _aCatalogación por copia / LC | ||
| 049 | _aBNGR | ||
| 999 |
_c14751 _d14751 |
||